<?xml version="1.0" encoding="UTF-8"?>
<record
    xmlns:xsi="http://www.w3.org/2001/XMLSchema-instance"
    xsi:schemaLocation="http://www.loc.gov/MARC21/slim http://www.loc.gov/standards/marcxml/schema/MARC21slim.xsd"
    xmlns="http://www.loc.gov/MARC21/slim">

  <leader>01397nam a2200265 a 4500</leader>
  <controlfield tag="001">79654) </controlfield>
  <controlfield tag="003">BD-RjUL</controlfield>
  <controlfield tag="005">20220404102821.0</controlfield>
  <controlfield tag="008">220404s1955    ua            000 0 ara d</controlfield>
  <datafield tag="035" ind1=" " ind2=" ">
    <subfield code="a">(BD-RjUL)79654) </subfield>
  </datafield>
  <datafield tag="040" ind1=" " ind2=" ">
    <subfield code="a">NNL</subfield>
    <subfield code="b">ara</subfield>
    <subfield code="c">BD-RjUL</subfield>
  </datafield>
  <datafield tag="041" ind1=" " ind2=" ">
    <subfield code="a">ara</subfield>
    <subfield code="h">eng</subfield>
  </datafield>
  <datafield tag="082" ind1=" " ind2=" ">
    <subfield code="2">23</subfield>
    <subfield code="a">953.8</subfield>
    <subfield code="b">TWM 1955</subfield>
  </datafield>
  <datafield tag="100" ind1="1" ind2=" ">
    <subfield code="a">[Twitchell, Carl Siben] ;; [&#x62A;&#x648;&#x64A;&#x62A;&#x634;&#x644;&#x60C; &#x643;&#x627;&#x631;&#x644; &#x633;&#x64A;&#x628;&#x646;</subfield>
    <subfield code="9">2219</subfield>
  </datafield>
  <datafield tag="245" ind1="1" ind2="2">
    <subfield code="a">&#x627;&#x644;&#x645;&#x645;&#x644;&#x643;&#x629; &#x627;&#x644;&#x639;&#x631;&#x628;&#x64A;&#x629; &#x627;&#x644;&#x633;&#x639;&#x648;&#x62F;&#x64A;&#x629; :al mamlakat al arabiat al Saudiat :</subfield>
    <subfield code="b">&#x648;&#x62A;&#x637;&#x648;&#x631;&#x627;&#x62A; &#x645;&#x635;&#x627;&#x62F;&#x631;&#x647;&#x627; &#x627;&#x644;&#x637;&#x628;&#x64A;&#x639;&#x64A;&#x629; /[watatawurat masadiriha altabieia]/</subfield>
    <subfield code="c">&#x62A;&#x623;&#x644;&#x64A;&#x641; &#x643;. &#x633;. &#x62A;&#x648;&#x64A;&#x62A;&#x634;&#x644; &#x648;&#x645;&#x633;&#x627;&#x647;&#x645;&#x629; &#x627;&#x62F;&#x648;&#x627;&#x631;&#x62F; &#x686;. &#x686;&#x648;&#x631;&#x686;&#x649;&#x60C; &#x62A;&#x631;&#x62C;&#x645;&#x629; &#x634;&#x643;&#x64A;&#x628; &#x627;&#x644;&#x627;&#x645;&#x648;&#x649;&#x60C; &#x62A;&#x635;&#x62F;&#x64A;&#x631; &#x62D;&#x627;&#x641;&#x638; &#x648;&#x647;&#x628;&#x629;.;; [talif k. s. tuitshil wamusahamat adward ch. chwrcha, tarjamat shakib alamawaa, tasdir hafiz Wahbat]</subfield>
  </datafield>
  <datafield tag="260" ind1=" " ind2=" ">
    <subfield code="a">&#x627;&#x644;&#x642;&#x627;&#x647;&#x631;&#x629; :</subfield>
    <subfield code="b">&#x62F;&#x627;&#x631; &#x627;&#x62D;&#x64A;&#x627;&#x621; &#x627;&#x644;&#x643;&#x62A;&#x628; &#x627;&#x644;&#x639;&#x631;&#x628;&#x64A;&#x629;&#x60C;;; [dar ahya' alkutub alearabiati],</subfield>
    <subfield code="c">&#x661;&#x669;&#x665;&#x665;[&#x645;].</subfield>
  </datafield>
  <datafield tag="300" ind1=" " ind2=" ">
    <subfield code="a">[&#x664;]&#x60C; &#x663;&#x661;&#x666;&#x635;.</subfield>
    <subfield code="c">24 cm</subfield>
  </datafield>
  <datafield tag="500" ind1=" " ind2=" ">
    <subfield code="a">&#x639;&#x644;&#x649; &#x638;&#x647;&#x631; &#x635;&#x641;&#x62D;&#x629; &#x627;&#x644;&#x639;&#x646;&#x648;&#x627;&#x646;:[On the back of the title page]: </subfield>
  </datafield>
  <datafield tag="500" ind1=" " ind2=" ">
    <subfield code="a">This is a translation of Saudi Arabia by K.S. Twitchell...</subfield>
  </datafield>
  <datafield tag="651" ind1=" " ind2="4">
    <subfield code="a">Saudi Arabia</subfield>
    <subfield code="x">History</subfield>
    <subfield code="9">2220</subfield>
  </datafield>
  <datafield tag="700" ind1="1" ind2=" ">
    <subfield code="a">[Jerji, Edward Jabra ]&#x62C;&#x631;&#x62C;&#x64A;&#x60C; &#x627;&#x62F;&#x648;&#x631;&#x62F; &#x62C;&#x628;&#x631;&#x627;</subfield>
    <subfield code="9">2221</subfield>
  </datafield>
  <datafield tag="700" ind1="1" ind2=" ">
    <subfield code="a">[Umayyad, Shakib ]&#x627;&#x644;&#x627;&#x645;&#x648;&#x649;&#x60C; &#x634;&#x643;&#x64A;&#x628;</subfield>
    <subfield code="9">2222</subfield>
  </datafield>
  <datafield tag="942" ind1=" " ind2=" ">
    <subfield code="2">ddc</subfield>
    <subfield code="c">BK</subfield>
  </datafield>
  <datafield tag="999" ind1=" " ind2=" ">
    <subfield code="c">79654</subfield>
    <subfield code="d">79654</subfield>
  </datafield>
  <datafield tag="952" ind1=" " ind2=" ">
    <subfield code="0">0</subfield>
    <subfield code="1">0</subfield>
    <subfield code="2">ddc</subfield>
    <subfield code="4">0</subfield>
    <subfield code="7">1</subfield>
    <subfield code="8">NFIC</subfield>
    <subfield code="a">RUCL</subfield>
    <subfield code="b">RUCL</subfield>
    <subfield code="c">Reading</subfield>
    <subfield code="d">1955-12-05</subfield>
    <subfield code="l">0</subfield>
    <subfield code="o">A 953.8 TWM 1955</subfield>
    <subfield code="r">2022-04-04 00:00:00</subfield>
    <subfield code="t">C-1</subfield>
    <subfield code="w">2022-04-04</subfield>
    <subfield code="y">BK</subfield>
  </datafield>
</record>
